000 00322nam a2200121Ia 4500
008 220204s9999 xx 000 0 und d
082 _a543
_bLAI
100 _aHerbert A
245 0 _aChemical analysis: An advanced text and reference
260 _aNew York
_bMcGraw Hill
_c1960
650 _aChemical analysis
942 _cBK
999 _c20437
_d20437